000 00335nam a22001337a 4500
008 171020b xxu||||| |||| 00| 0 eng d
020 _a0444853944
041 _aeng
080 _a338
100 _a54
101 _aMEN
245 _aFORMAL MODELS AND PRACTICAL TOOLS FOR INFORMATION SYSTEMS DESIGN
_cSCHNEIDER,H,J
942 _2udc
_cBK
999 _c35054
_d35054